Not guilty / (Record no. 2699)

MARC details
000 -LEADER
fixed length control field 02343nam a2200505 a 4500
001 - CONTROL NUMBER
control field 2699
003 - CONTROL NUMBER IDENTIFIER
control field FISKH
005 - DATE AND TIME OF LATEST TRANSACTION
control field 20240110104527.0
008 - FIXED-LENGTH DATA ELEMENTS--GENERAL INFORMATION
fixed length control field 971217s1997 nyua c b 001 0deng d
010 ## - LIBRARY OF CONGRESS CONTROL NUMBER
LC control number 98137434
020 ## - INTERNATIONAL STANDARD BOOK NUMBER
International Standard Book Number 0590897497 (pbk.) :
020 ## - INTERNATIONAL STANDARD BOOK NUMBER
International Standard Book Number 078073003990
035 ## - SYSTEM CONTROL NUMBER
System control number (OCoLC)38103477
035 ## - SYSTEM CONTROL NUMBER
System control number 3763-51460
040 ## - CATALOGING SOURCE
Original cataloging agency OCo
Transcribing agency OCo
Modifying agency O
-- DLC
Language of cataloging eng
042 ## - AUTHENTICATION CODE
Authentication code lccopycat
-- lcac
043 ## - GEOGRAPHIC AREA CODE
Geographic area code n-us---
050 00 - LIBRARY OF CONGRESS CALL NUMBER
Classification number HV9950
Item number .S85 1997
082 00 - DEWEY DECIMAL CLASSIFICATION NUMBER
Classification number 364.1/0973
Edition number 21
100 1# - MAIN ENTRY--PERSONAL NAME
Personal name Sullivan, George,
Dates associated with a name 1927-
245 10 - TITLE STATEMENT
Title Not guilty /
Statement of responsibility, etc. George Sullivan.
260 ## - PUBLICATION, DISTRIBUTION, ETC.
Place of publication, distribution, etc. New York :
Name of publisher, distributor, etc. Scholastic,
Date of publication, distribution, etc. 1997.
300 ## - PHYSICAL DESCRIPTION
Extent 148 pages :
Other physical details illustrations ;
Dimensions 20 cm.
504 ## - BIBLIOGRAPHY, ETC. NOTE
Bibliography, etc. note Includes bibliographical references (p. 139-141) and index.
505 0# - FORMATTED CONTENTS NOTE
Formatted contents note A fight for justice -- Shoot-out at Pine Ridge -- The man who never died -- A nation's vengeance -- Incident at West Point.
520 ## - SUMMARY, ETC.
Summary, etc. Innocent.. but found guilty. Peter Reilly was convicted of manslaughter. Leonard Peltier's ordeal inspired a movie. Joe Hill was executed for murder. Mary Surratt was put to death for her involvement in Abraham Lincoln's assassination. Johnson Chestnut Whittaker was expelled from West Point for a racist attack on himself. Each of these people was wrongly convicted of a serious crime. As a result they suffered...some even died. These historical cases sadly show that justice is not always served.
600 10 - SUBJECT ADDED ENTRY--PERSONAL NAME
Personal name Reilly, Peter,
Dates associated with a name 1955-
General subdivision Juvenile literature.
600 10 - SUBJECT ADDED ENTRY--PERSONAL NAME
Personal name Peltier, Leonard
General subdivision Juvenile literature.
600 10 - SUBJECT ADDED ENTRY--PERSONAL NAME
Personal name Hill, Joe,
Dates associated with a name 1879-1915
General subdivision Juvenile literature.
600 10 - SUBJECT ADDED ENTRY--PERSONAL NAME
Personal name Surratt, Mary E.
Fuller form of name (Mary Eugenia),
Dates associated with a name 1820-1865
General subdivision Juvenile literature.
600 10 - SUBJECT ADDED ENTRY--PERSONAL NAME
Personal name Whittaker, Johnson Chesnut,
Dates associated with a name 1858-1931
General subdivision Juvenile literature.
600 11 - SUBJECT ADDED ENTRY--PERSONAL NAME
Personal name Reilly, Peter,
Dates associated with a name 1955-
600 11 - SUBJECT ADDED ENTRY--PERSONAL NAME
Personal name Peltier, Leonard.
600 10 - SUBJECT ADDED ENTRY--PERSONAL NAME
Personal name Hill, Joe,
Dates associated with a name 1879-1915.
600 11 - SUBJECT ADDED ENTRY--PERSONAL NAME
Personal name Surratt, Mary E.
Fuller form of name (Mary Eugenia),
Dates associated with a name 1820-1865.
600 11 - SUBJECT ADDED ENTRY--PERSONAL NAME
Personal name Whittaker, Johnson Chesnut,
Dates associated with a name 1858-1931.
650 #0 - SUBJECT ADDED ENTRY--TOPICAL TERM
Topical term or geographic name entry element False imprisonment
Geographic subdivision United States
General subdivision Juvenile literature.
650 #0 - SUBJECT ADDED ENTRY--TOPICAL TERM
Topical term or geographic name entry element Judicial error
Geographic subdivision United States
General subdivision Juvenile literature.
650 #1 - SUBJECT ADDED ENTRY--TOPICAL TERM
Topical term or geographic name entry element False imprisonment.
650 #1 - SUBJECT ADDED ENTRY--TOPICAL TERM
Topical term or geographic name entry element Imprisonment.
650 #1 - SUBJECT ADDED ENTRY--TOPICAL TERM
Topical term or geographic name entry element Judicial error.
650 #1 - SUBJECT ADDED ENTRY--TOPICAL TERM
Topical term or geographic name entry element Criminal justice, Administration of.
906 ## - LOCAL DATA ELEMENT F, LDF (RLIN)
a 7
b cbc
c copycat
d 2
e ncip
f 19
g y-gencatlg
942 ## - ADDED ENTRY ELEMENTS (KOHA)
Source of classification or shelving scheme Dewey Decimal Classification
Koha item type Books
Suppress in OPAC No
Holdings
Withdrawn status Lost status Source of classification or shelving scheme Damaged status Not for loan Collection Home library Current library Shelving location Date acquired Total Checkouts Full call number Barcode Date last seen Date last checked out Price effective from Koha item type
    Dewey Decimal Classification     Non-Fiction Footprints International School Library Network Toul Kork Campus Footprints International School Library Network Toul Kork Campus   01/10/2024 1 SUL 364.10973 HV9950.S85 FISSE00834 12/16/2025 10/31/2025 01/10/2024 Books